[Event "Spring Chess Classic 2019"]
[Site "Saint Louis USA"]
[Date "2019.03.09"]
[Round "8"]
[White "Nyzhnyk, Illya"]
[Black "Le, Quang Liem"]
[Result "1/2-1/2"]
[WhiteElo "2638"]
[BlackElo "2715"]
[PlyCount "64"]
[EventDate "2019.03.02"]

1. d4 Nf6 2. Nf3 g6 3. g3 Bg7 4. Bg2 O-O 5. O-O d6 6. c4 Nc6 7. Nc3 a6 8. e4
Bg4 9. Be3 Nd7 10. Qd2 Bxf3 11. Bxf3 e5 12. d5 Nd4 13. Bg2 c5 14. dxc6 bxc6 15.
Ne2 c5 16. Nc3 Nb6 17. b3 Ra7 18. Nd5 Nxd5 19. cxd5 a5 20. Rac1 Qd7 21. Rc4 Rb8
22. Bxd4 exd4 23. Re1 a4 24. b4 cxb4 25. Rxb4 Rxb4 26. Qxb4 Qc7 27. Bf1 Bf6 28.
Bd3 Kg7 29. Rb1 a3 30. Kg2 Qc3 31. Qxc3 dxc3 32. Kf3 Bd4 1/2-1/2

[Event "Spring Chess Classic 2019"]
[Site "Saint Louis USA"]
[Date "2019.03.09"]
[Round "8"]
[White "Ivanchuk, Vassily"]
[Black "Hansen, Eric"]
[Result "1/2-1/2"]
[WhiteElo "2698"]
[BlackElo "2612"]
[PlyCount "62"]
[EventDate "2019.03.02"]

1. d4 Nf6 2. c4 e6 3. Nc3 d5 4. Bg5 Be7 5. e3 O-O 6. Nf3 h6 7. Bh4 Ne4 8. Bxe7
Qxe7 9. Rc1 c6 10. Be2 Nd7 11. O-O Nxc3 12. Rxc3 dxc4 13. Bxc4 b6 14. Qc2 Bb7
15. Bd3 c5 16. Bh7+ Kh8 17. Be4 Bxe4 18. Qxe4 Rac8 19. Qb7 Qd6 20. Qa6 Rc7 21.
Rfc1 Rfc8 22. h3 Kh7 23. Qa3 Qd5 24. dxc5 Nxc5 25. Nd4 a5 26. R3c2 e5 27. Nb5
Rc6 28. Nc3 Qe6 29. Na4 Nxa4 30. Qxa4 Rxc2 31. Rxc2 Rxc2 1/2-1/2

[Event "Spring Chess Classic 2019"]
[Site "Saint Louis USA"]
[Date "2019.03.09"]
[Round "8"]
[White "Bok, Benjamin"]
[Black "Tari, Aryan"]
[Result "1/2-1/2"]
[WhiteElo "2638"]
[BlackElo "2613"]
[PlyCount "67"]
[EventDate "2019.03.02"]

1. Nf3 Nf6 2. g3 g6 3. Bg2 Bg7 4. c4 c6 5. b3 d5 6. Bb2 O-O 7. O-O a5 8. Nc3
Ne4 9. Na4 b5 10. Bxg7 Kxg7 11. Nb2 bxc4 12. bxc4 Nd7 13. Qc2 Ba6 14. Rab1 Rc8
15. d3 Nef6 16. Qc3 Re8 17. Nd4 Nc5 18. Nb3 Nxb3 19. axb3 Rb8 20. Ra1 Rb4 21.
Ra3 d4 22. Qc2 Qc7 23. Rfa1 Reb8 24. Rxa5 Rxb3 25. Rxa6 Rxb2 26. Qd1 c5 27.
R6a2 h5 28. Rxb2 Rxb2 29. Bf3 Qb6 30. Qc1 Nd7 31. Qg5 Qf6 32. Qxf6+ Kxf6 33.
Kg2 Ke5 34. Ra6 1/2-1/2

[Event "Spring Chess Classic 2019"]
[Site "Saint Louis USA"]
[Date "2019.03.10"]
[Round "9"]
[White "Tari, Aryan"]
[Black "Kasimdzhanov, Rustam"]
[Result "0-1"]
[WhiteElo "2613"]
[BlackElo "2663"]
[PlyCount "68"]
[EventDate "2019.03.02"]

1. e4 c5 2. Nf3 Nc6 3. d4 cxd4 4. Nxd4 Nf6 5. Nc3 e5 6. Ndb5 d6 7. Bg5 a6 8.
Na3 b5 9. Nd5 Be7 10. Bxf6 Bxf6 11. c3 Rb8 12. Nc2 Bg5 13. a4 bxa4 14. Ncb4
Nxb4 15. cxb4 O-O 16. Rxa4 a5 17. h4 Bh6 18. b5 Bd7 19. Nc3 d5 20. exd5 e4 21.
Be2 e3 22. f4 g6 23. g3 Bg7 24. Qb3 Qe8 25. O-O Bxc3 26. Qxc3 Bxb5 27. Bxb5
Qxb5 28. Rxa5 Qe2 29. Qe1 Qxb2 30. Qxe3 Rfe8 31. Qa3 Qd2 32. Rf2 Rb1+ 33. Kg2
Qe1 34. Kf3 Qd1+ 0-1

[Event "Spring Chess Classic 2019"]
[Site "Saint Louis USA"]
[Date "2019.03.10"]
[Round "9"]
[White "Hansen, Eric"]
[Black "Bok, Benjamin"]
[Result "1/2-1/2"]
[WhiteElo "2612"]
[BlackElo "2638"]
[PlyCount "60"]
[EventDate "2019.03.02"]

1. e4 e5 2. Nf3 Nc6 3. Bb5 Nf6 4. O-O Nxe4 5. Re1 Nd6 6. Nxe5 Be7 7. Bf1 Nxe5
8. Rxe5 O-O 9. d4 Bf6 10. Re1 Re8 11. c3 Rxe1 12. Qxe1 Ne8 13. Bf4 d5 14. Nd2
g6 15. Nf3 Ng7 16. Bd3 Bf5 17. Bxf5 Nxf5 18. Qe2 c6 19. Re1 Ng7 20. Be5 Bxe5
21. Nxe5 Qd6 22. Qf3 f6 23. Nd3 Re8 24. Rxe8+ Nxe8 25. Qe3 Ng7 26. h3 Kf7 27.
Qh6 Kg8 28. Qe3 Kf7 29. Qh6 Kg8 30. Qe3 g5 1/2-1/2

[Event "Spring Chess Classic 2019"]
[Site "Saint Louis USA"]
[Date "2019.03.10"]
[Round "9"]
[White "Le, Quang Liem"]
[Black "Ivanchuk, Vassily"]
[Result "1-0"]
[WhiteElo "2715"]
[BlackElo "2698"]
[PlyCount "69"]
[EventDate "2019.03.02"]

1. Nf3 d5 2. d4 c6 3. c4 Nf6 4. g3 a6 5. Bg2 Bf5 6. Nc3 e6 7. O-O Nbd7 8. Nh4
Bg4 9. h3 Bh5 10. Qb3 Qb6 11. Rd1 h6 12. f4 dxc4 13. Qxc4 g5 14. fxg5 hxg5 15.
Bxg5 Rg8 16. Bf4 Nd5 17. Nxd5 cxd5 18. Qd3 Bd6 19. Qe3 Bxf4 20. Qxf4 Bxe2 21.
Re1 Bd3 22. Rad1 Be4 23. Bxe4 dxe4 24. Rxe4 Rd8 25. Rf1 Rf8 26. Rf2 Qc6 27. Re1
Nb6 28. Ng6 Nd5 29. Qf3 Rd7 30. Nxf8 Kxf8 31. Qh5 Qb6 32. Qh8+ Ke7 33. Qg7 Kd6
34. Qe5+ Ke7 35. Ref1 1-0

[Event "Spring Chess Classic 2019"]
[Site "Saint Louis USA"]
[Date "2019.03.10"]
[Round "9"]
[White "Akobian, Varuzhan"]
[Black "Nyzhnyk, Illya"]
[Result "1/2-1/2"]
[WhiteElo "2625"]
[BlackElo "2638"]
[PlyCount "48"]
[EventDate "2019.03.02"]

1. d4 d5 2. c4 c6 3. Nc3 Nf6 4. e3 e6 5. Nf3 Nbd7 6. Bd3 dxc4 7. Bxc4 b5 8. Bd3
Bb7 9. a3 Bd6 10. O-O O-O 11. Bd2 a5 12. Rc1 b4 13. axb4 axb4 14. Na4 Qa5 15.
Ra1 e5 16. Be2 e4 17. Ne1 c5 18. dxc5 Nxc5 19. Bxb4 Qxb4 20. Qxd6 Rfd8 21. Qe7
Re8 22. Qd6 Red8 23. Qe7 Re8 24. Qd6 Red8 1/2-1/2

[Event "Spring Chess Classic 2019"]
[Site "Saint Louis USA"]
[Date "2019.03.10"]
[Round "9"]
[White "Xiong, Jeffery"]
[Black "Robson, Ray"]
[Result "1-0"]
[WhiteElo "2663"]
[BlackElo "2667"]
[PlyCount "109"]
[EventDate "2019.03.02"]

1. Nf3 d5 2. d4 Nf6 3. c4 c6 4. cxd5 cxd5 5. Nc3 Nc6 6. Bf4 a6 7. Rc1 Bf5 8. e3
e6 9. Qb3 Nh5 10. Be5 f6 11. Bg3 Nxg3 12. hxg3 Bg6 13. Nh4 Bf7 14. Bd3 f5 15.
g4 g6 16. gxf5 exf5 17. Nf3 Bd6 18. O-O O-O 19. Ne2 Na5 20. Qd1 Qf6 21. Qa4 Nc4
22. Qc2 Na5 23. Ne5 Bxe5 24. dxe5 Qxe5 25. Qc7 Qxc7 26. Rxc7 Rfc8 27. Rfc1 Rxc7
28. Rxc7 d4 29. Nxd4 Bxa2 30. b4 Nc6 31. Nxc6 bxc6 32. Rxc6 a5 33. b5 a4 34. b6
Rb8 35. Ba6 Kg7 36. b7 Bd5 37. Rc5 Be6 38. Rc8 Rxb7 39. Bxb7 Bxc8 40. Bxc8 Kf6
41. Ba6 Ke5 42. f3 f4 43. Kf2 a3 44. Bc4 h5 45. exf4+ Kxf4 46. g3+ Kf5 47. Ba2
g5 48. Ke3 Ke5 49. Bb1 Kf6 50. Ke4 Ke6 51. Ba2+ Kf6 52. Bb3 Kg6 53. Ke5 Kg7 54.
Kf5 Kh6 55. Ba2 1-0

[Event "Bundesliga 2018-19"]
[Site "Viernheim GER"]
[Date "2019.03.09"]
[Round "12"]
[White "Tomashevsky, Evgeny"]
[Black "Jakubowski, Krzysztof"]
[Result "1-0"]
[WhiteElo "2705"]
[BlackElo "2510"]
[PlyCount "89"]
[EventDate "2018.11.24"]
[EventType "team"]
[WhiteTeam "SV 1930 Hockenheim"]
[BlackTeam "SF Berlin 1903"]

1. c4 e6 2. Nc3 d5 3. d4 Nf6 4. cxd5 exd5 5. Bg5 c6 6. e3 Nbd7 7. Bd3 Be7 8.
Nf3 O-O 9. Qc2 Re8 10. Bf4 a5 11. h3 Nf8 12. O-O Ng6 13. Bh2 Bd6 14. Bxd6 Qxd6
15. Rfe1 Qe7 16. e4 dxe4 17. Nxe4 Nxe4 18. Bxe4 Be6 19. d5 cxd5 20. Bxd5 Qf6
21. Qa4 Re7 22. Bxe6 Rxe6 23. Rxe6 Qxe6 24. Re1 Qb6 25. b3 h6 26. Re8+ Rxe8 27.
Qxe8+ Nf8 28. Ne5 Qf6 29. Qb5 Qg5 30. g3 Qf5 31. Qxa5 Ne6 32. Nc4 Qf3 33. h4
Qd1+ 34. Kg2 Qe2 35. Qa8+ Kh7 36. Qxb7 Qxa2 37. Ne5 Qe2 38. Qd5 Kg8 39. Qa8+
Kh7 40. Qd5 Kg8 41. b4 g5 42. hxg5 hxg5 43. b5 Qb2 44. Nd7 Qe2 45. b6 1-0

[Event "Bundesliga 2018-19"]
[Site "Viernheim GER"]
[Date "2019.03.10"]
[Round "13"]
[White "Nisipeanu, Liviu-Dieter"]
[Black "Tomashevsky, Evgeny"]
[Result "1/2-1/2"]
[WhiteElo "2674"]
[BlackElo "2705"]
[PlyCount "41"]
[EventDate "2018.11.24"]
[EventType "team"]
[WhiteTeam "USV TU Dresden"]
[BlackTeam "SV 1930 Hockenheim"]

1. e4 e5 2. Nf3 Nc6 3. Bb5 Nf6 4. d3 Bc5 5. Bxc6 dxc6 6. h3 Nd7 7. Qe2 Bd6 8.
Nbd2 Qe7 9. Nc4 c5 10. Ne3 Nf6 11. Bd2 Be6 12. Ng5 Bd7 13. Bc3 O-O-O 14. Nf3
Ne8 15. a3 f6 16. b4 Be6 17. Nd2 c6 18. Ndc4 Nc7 19. O-O Nb5 20. Bd2 Bc7 21.
bxc5 1/2-1/2

[Event "1st Prague Masters 2019"]
[Site "Prague CZE"]
[Date "2019.03.09"]
[Round "4"]
[White "Rapport, Richard"]
[Black "Laznicka, Viktor"]
[Result "1-0"]
[WhiteElo "2738"]
[BlackElo "2670"]
[PlyCount "75"]
[EventDate "2019.03.06"]

1. e4 e5 2. Bc4 Nf6 3. Nc3 Nc6 4. d3 Na5 5. Bb3 Nxb3 6. axb3 d5 7. Nf3 dxe4 8.
dxe4 Qxd1+ 9. Kxd1 Bd6 10. Bg5 Nd7 11. Ke2 a6 12. Rhd1 Rb8 13. Nd2 b5 14. Nf1
Nc5 15. Ng3 Ne6 16. Be3 g6 17. Nd5 Nf4+ 18. Kf1 Nxd5 19. Rxd5 Bb7 20. Rd3 h5
21. f3 Ke7 22. Nh1 f5 23. Bg5+ Ke6 24. Nf2 Rhf8 25. Ke2 Ra8 26. Bh6 Rfb8 27.
Bd2 b4 28. c4 a5 29. Be3 Ra6 30. Rdd1 f4 31. Bd2 g5 32. g3 Rba8 33. gxf4 gxf4
34. Rg1 a4 35. Rg7 a3 36. Rag1 Rf8 37. Nh3 Be7 38. Bxb4 1-0

[Event "1st Prague Masters 2019"]
[Site "Prague CZE"]
[Date "2019.03.09"]
[Round "4"]
[White "Duda, Jan-Krzysztof"]
[Black "Navara, David"]
[Result "1-0"]
[WhiteElo "2731"]
[BlackElo "2739"]
[PlyCount "79"]
[EventDate "2019.03.06"]

1. Nf3 d5 2. d4 Nf6 3. c4 c6 4. e3 e6 5. Nbd2 c5 6. dxc5 Bxc5 7. a3 a5 8. Qc2
O-O 9. b3 b6 10. Bb2 Bb7 11. Bd3 Nbd7 12. cxd5 exd5 13. Bd4 Bxd4 14. Nxd4 Ne5
15. Be2 Ne4 16. O-O Qc8 17. Qa2 Nc3 18. Qb2 Nxe2+ 19. Nxe2 Nd3 20. Qb1 Ba6 21.
Rd1 Re8 22. Nf3 Ne5 23. Nxe5 Bxe2 24. Rc1 Qb7 25. Qb2 Bh5 26. Nd3 f6 27. Nf4
Bf7 28. h3 d4 29. Qxd4 Bxb3 30. a4 b5 31. axb5 a4 32. Rc5 Rec8 33. Ne2 Qe7 34.
Rxa4 Rxc5 35. Rxa8+ Kf7 36. b6 Rd5 37. Ra7 Rxd4 38. Nxd4 Bd5 39. Rxe7+ Kxe7 40.
Nf5+ 1-0

[Event "1st Prague Masters 2019"]
[Site "Prague CZE"]
[Date "2019.03.09"]
[Round "4"]
[White "Vitiugov, Nikita"]
[Black "Gelfand, Boris"]
[Result "1/2-1/2"]
[WhiteElo "2726"]
[BlackElo "2655"]
[PlyCount "111"]
[EventDate "2019.03.06"]

1. e4 c5 2. Nf3 Nc6 3. d4 cxd4 4. Nxd4 Nf6 5. Nc3 e5 6. Ndb5 d6 7. Bg5 a6 8.
Na3 b5 9. Nd5 Be7 10. Bxf6 Bxf6 11. c3 Rb8 12. Nc2 Bg5 13. Be2 O-O 14. O-O Be6
15. Qd3 a5 16. Rfd1 b4 17. Nce3 bxc3 18. bxc3 Ne7 19. a4 Nxd5 20. Nxd5 Rb2 21.
Rab1 Qb8 22. c4 g6 23. Rxb2 Qxb2 24. Rb1 Qa2 25. Qd1 Bxd5 26. exd5 e4 27. Ra1
Qb2 28. Rb1 Qa3 29. Qb3 Qxb3 30. Rxb3 Bd2 31. Rb7 Bb4 32. Re7 f5 33. c5 Bxc5
34. Bb5 Rf7 35. Rxf7 Kxf7 36. Kf1 Kf6 37. Ke2 Ke5 38. Bc6 Bb6 39. Bb7 Bd8 40.
Bc6 Bg5 41. Bb7 Bf4 42. h3 Bg5 43. Bc6 Bd8 44. Bb7 h5 45. Bc6 h4 46. f3 Bb6 47.
fxe4 Kxe4 48. Bb7 Kf4 49. Bc6 Bc5 50. Be8 g5 51. Bd7 g4 52. Be6 gxh3 53. gxh3
Ke4 54. Bd7 f4 55. Bc6 f3+ 56. Kf1 1/2-1/2

[Event "1st Prague Masters 2019"]
[Site "Prague CZE"]
[Date "2019.03.09"]
[Round "4"]
[White "Vidit, Santosh Gujrathi"]
[Black "Shankland, Samuel"]
[Result "0-1"]
[WhiteElo "2711"]
[BlackElo "2731"]
[PlyCount "104"]
[EventDate "2019.03.06"]

1. d4 Nf6 2. c4 g6 3. Nc3 d5 4. cxd5 Nxd5 5. e4 Nxc3 6. bxc3 Bg7 7. Qa4+ Nd7 8.
Nf3 O-O 9. Be2 e5 10. Ba3 Re8 11. dxe5 Nxe5 12. Rd1 Bd7 13. Qb3 Nxf3+ 14. gxf3
Qc8 15. h4 Be6 16. c4 Rd8 17. Rxd8+ Qxd8 18. Bb2 Bd4 19. Kf1 Rb8 20. Qa3 Qf6
21. Qxa7 Rd8 22. Bxd4 Rxd4 23. Qb8+ Qd8 24. Qxb7 Rd2 25. Qa7 Qf6 26. Qxc7 h5
27. Qb8+ Kh7 28. Qb3 Qd4 29. Qe3 Qb2 30. f4 Qc2 31. Bf3 Rd3 32. Qe2 Qc3 33. f5
gxf5 34. Kg2 Rd2 35. Qe1 Qg7+ 36. Kh2 Qd4 37. Kg2 Qg7+ 38. Kh2 Qd4 39. Kg2 f4
40. e5 Kh6 41. Rf1 Bxc4 42. Rg1 Rxa2 43. Kh1 Rxf2 44. Qb4 Qd8 45. Qd6+ Qxd6 46.
exd6 Rxf3 47. Rd1 Rh3+ 48. Kg2 Rg3+ 49. Kf2 Rg8 50. Kf3 Rd8 51. Kxf4 Kg6 52.
Ke5 f6+ 0-1

[Event "1st Prague Masters 2019"]
[Site "Prague CZE"]
[Date "2019.03.09"]
[Round "4"]
[White "Wojtaszek, Radoslaw"]
[Black "Harikrishna, Pentala"]
[Result "1/2-1/2"]
[WhiteElo "2722"]
[BlackElo "2730"]
[PlyCount "70"]
[EventDate "2019.03.06"]

1. d4 Nf6 2. c4 e6 3. Nf3 d5 4. g3 Be7 5. Bg2 O-O 6. O-O dxc4 7. Qa4 a6 8. Qxc4
b5 9. Qc2 Bb7 10. Bd2 Bd6 11. Re1 Be4 12. Qc1 Bb7 13. a3 Nbd7 14. b4 Ra7 15.
Nc3 Ne4 16. Nxe4 Bxe4 17. Ng5 Bxg2 18. Qc2 g6 19. Kxg2 e5 20. dxe5 Nxe5 21. Ne4
Nc4 22. Bc3 Be7 23. Rad1 Qa8 24. Rd7 c5 25. Rxa7 Qxa7 26. Nf6+ Bxf6 27. Bxf6 a5
28. e4 cxb4 29. Qc1 Qb6 30. e5 Qc6+ 31. f3 Nxe5 32. Bxe5 Qxc1 33. Rxc1 bxa3 34.
Rc5 f6 35. Rxb5 fxe5 1/2-1/2

[Event "1st Prague Masters 2019"]
[Site "Prague CZE"]
[Date "2019.03.10"]
[Round "5"]
[White "Harikrishna, Pentala"]
[Black "Rapport, Richard"]
[Result "1/2-1/2"]
[WhiteElo "2730"]
[BlackElo "2738"]
[PlyCount "83"]
[EventDate "2019.03.06"]

1. e4 e6 2. d4 d5 3. Nc3 Bb4 4. exd5 exd5 5. Bd3 c6 6. Qf3 Qf6 7. Bf4 Ne7 8.
Qg3 Nd7 9. Nf3 Ng6 10. Bc7 Ndf8 11. a3 Be7 12. O-O-O Ne6 13. Bd6 Bxd6 14. Qxd6
Qf4+ 15. Qxf4 Nexf4 16. Rde1+ Kf8 17. Bf1 Bg4 18. Nd2 h5 19. f3 Bf5 20. g3 Ne6
21. Nb3 Re8 22. h4 Bxc2 23. Kxc2 Nxd4+ 24. Nxd4 Rxe1 25. f4 Re8 26. b4 Ne7 27.
Bd3 Nc8 28. Kd2 Nd6 29. Nce2 a6 30. Rc1 Rh6 31. a4 Rc8 32. Rc5 Ke8 33. Nc3 Kf8
34. a5 Rd8 35. Nce2 Ke8 36. Rc1 Kd7 37. Nc3 Re8 38. Na4 Kc7 39. Nc5 Rf6 40. Rc3
Rh6 41. Rc1 Rf6 42. Rc3 1/2-1/2

[Event "1st Prague Masters 2019"]
[Site "Prague CZE"]
[Date "2019.03.10"]
[Round "5"]
[White "Laznicka, Viktor"]
[Black "Vidit, Santosh Gujrathi"]
[Result "1/2-1/2"]
[WhiteElo "2670"]
[BlackElo "2711"]
[PlyCount "69"]
[EventDate "2019.03.06"]

1. c4 e5 2. Nc3 Nf6 3. g3 d5 4. cxd5 Nxd5 5. Bg2 Nb6 6. Nf3 Nc6 7. O-O Be7 8.
d3 O-O 9. a3 Re8 10. Be3 Bf8 11. Rc1 Nd4 12. Ne4 c6 13. b4 Bg4 14. Bxd4 exd4
15. Nc5 Rb8 16. Nb3 Bxf3 17. Bxf3 g6 18. Nc5 Nd5 19. Qb3 Nc3 20. Ne4 Nxe4 21.
Bxe4 Kg7 22. Rc4 f5 23. Bf3 Qf6 24. Qb2 Red8 25. b5 c5 26. Ra4 Qb6 27. e4 f4
28. e5 fxg3 29. hxg3 Re8 30. Qe2 Qxb5 31. Rxa7 Qb6 32. Ra4 Qb3 33. Ra7 Qb6 34.
Ra4 Qb3 35. Ra7 1/2-1/2

[Event "1st Prague Masters 2019"]
[Site "Prague CZE"]
[Date "2019.03.10"]
[Round "5"]
[White "Shankland, Samuel"]
[Black "Vitiugov, Nikita"]
[Result "1/2-1/2"]
[WhiteElo "2731"]
[BlackElo "2726"]
[PlyCount "73"]
[EventDate "2019.03.06"]

1. d4 Nf6 2. c4 e6 3. Nf3 d5 4. Nc3 Nbd7 5. cxd5 exd5 6. Bf4 c6 7. h3 Ne4 8.
Nxe4 dxe4 9. Nd2 Nf6 10. e3 Nd5 11. Be5 f6 12. Bg3 Bb4 13. a3 Bxd2+ 14. Qxd2
O-O 15. Be2 Be6 16. O-O Qd7 17. Rfc1 f5 18. Be5 Qf7 19. b4 f4 20. exf4 Nxf4 21.
Bf1 Rad8 22. Rc3 Ng6 23. Bg3 Qf6 24. Rd1 a6 25. a4 Bd5 26. b5 axb5 27. axb5 Qe6
28. Ra1 Ra8 29. Qb2 Rxa1 30. Qxa1 cxb5 31. Bxb5 Rc8 32. Rxc8+ Qxc8 33. Qa3 h6
34. Qd6 Qe6 35. Qd8+ Kh7 36. Kh2 Bc6 37. Bxc6 1/2-1/2

[Event "1st Prague Masters 2019"]
[Site "Prague CZE"]
[Date "2019.03.10"]
[Round "5"]
[White "Navara, David"]
[Black "Wojtaszek, Radoslaw"]
[Result "1/2-1/2"]
[WhiteElo "2739"]
[BlackElo "2722"]
[PlyCount "70"]
[EventDate "2019.03.06"]

1. e4 c5 2. Nf3 d6 3. d4 cxd4 4. Nxd4 Nf6 5. Nc3 a6 6. Be3 e5 7. Nb3 Be6 8. f3
Be7 9. Qd2 O-O 10. O-O-O Nbd7 11. g4 b5 12. g5 Nh5 13. Kb1 Nb6 14. Na5 Rc8 15.
a3 g6 16. h4 Ng3 17. Rh2 Nxf1 18. Rxf1 h5 19. Bxb6 Qxb6 20. Nd5 Bxd5 21. exd5
f5 22. gxf6 Bxf6 23. Rg2 Kh7 24. Nc6 Qc5 25. Qd3 Rg8 26. f4 e4 27. Qd1 Kh6 28.
f5 gxf5 29. Rxg8 Rxg8 30. Rxf5 Rg6 31. Qf1 Rg1 32. Rxf6+ Kh7 33. Rf7+ Kh6 34.
Rf6+ Kh7 35. Rf7+ Kh6 1/2-1/2

[Event "1st Prague Masters 2019"]
[Site "Prague CZE"]
[Date "2019.03.10"]
[Round "5"]
[White "Gelfand, Boris"]
[Black "Duda, Jan-Krzysztof"]
[Result "1/2-1/2"]
[WhiteElo "2655"]
[BlackElo "2731"]
[PlyCount "50"]
[EventDate "2019.03.06"]

1. Nf3 d5 2. d4 Nf6 3. c4 e6 4. g3 Be7 5. Bg2 O-O 6. O-O dxc4 7. Qc2 c6 8. Qxc4
b5 9. Qd3 Bb7 10. Nc3 Nbd7 11. Be3 b4 12. Ne4 Nxe4 13. Qxe4 Qb6 14. Ng5 Bxg5
15. Bxg5 Rfb8 16. Qg4 f5 17. Qh4 c5 18. dxc5 Nxc5 19. Bxb7 Rxb7 20. Qc4 Ne4 21.
Be3 Rc7 22. Qb3 Nc5 23. Qc4 Ne4 24. Qb3 Nc5 25. Qc4 Ne4 1/2-1/2

[Event "HDBank Chess Open 2019"]
[Site "Ho Chi Minh City VIE"]
[Date "2019.03.07"]
[Round "1"]
[White "Wang, Hao"]
[Black "Miciano, John Marvin"]
[Result "1/2-1/2"]
[WhiteElo "2718"]
[BlackElo "2317"]
[PlyCount "121"]
[EventDate "2019.03.07"]

1. d4 Nf6 2. c4 g6 3. Nc3 Bg7 4. e4 d6 5. h3 O-O 6. Be3 c5 7. Nf3 Qa5 8. Bd3
cxd4 9. Nxd4 Nc6 10. O-O Nd7 11. Be2 Nxd4 12. Bxd4 Bxd4 13. Qxd4 Qc5 14. Rad1
Qxd4 15. Rxd4 Ne5 16. f4 Nc6 17. Rd2 f6 18. Nd5 Rb8 19. a3 Be6 20. b4 Rbc8 21.
Rc1 Kf7 22. Kf2 Rg8 23. h4 h6 24. g3 Rgd8 25. Ne3 Kg7 26. Nd5 Kf8 27. Ke3 Nb8
28. Rf1 Nd7 29. g4 Bf7 30. Rc1 a6 31. Rdd1 e6 32. Nc3 Ke7 33. Na4 g5 34. fxg5
fxg5 35. h5 Be8 36. c5 dxc5 37. bxc5 Rc7 38. c6 Rxc6 39. Rxc6 bxc6 40. Rb1 e5
41. Rb7 Kd6 42. Nb2 Bf7 43. Bc4 Bxc4 44. Nxc4+ Kc5 45. Nb2 Rb8 46. Rxd7 Rxb2
47. Rh7 Rb3+ 48. Kf2 Kd4 49. Rxh6 Kxe4 50. Rxc6 Rxa3 51. Rf6 a5 52. h6 Rh3 53.
Kg2 Rh4 54. Kg3 a4 55. Ra6 a3 56. Ra4+ Kd5 57. Rxa3 Rxh6 58. Ra5+ Ke4 59. Ra4+
Kd5 60. Ra5+ Ke4 61. Ra4+ 1/2-1/2

[Event "HDBank Chess Open 2019"]
[Site "Ho Chi Minh City VIE"]
[Date "2019.03.08"]
[Round "2"]
[White "Duong, The Anh"]
[Black "Wang, Hao"]
[Result "0-1"]
[WhiteElo "2301"]
[BlackElo "2718"]
[PlyCount "44"]
[EventDate "2019.03.07"]

1. d4 Nf6 2. Bg5 c5 3. Nc3 d5 4. e3 cxd4 5. Qxd4 Nc6 6. Qh4 e6 7. Nf3 Be7 8. e4
dxe4 9. Nxe4 Nxe4 10. Bxe7 Qa5+ 11. c3 Nxc3 12. Bg5 Ne4+ 13. Kd1 Qd5+ 14. Bd2
O-O 15. Rc1 Ne5 16. Qh5 Nxf3 17. Qxd5 exd5 18. gxf3 Nxf2+ 19. Ke2 Nxh1 20. Bg2
Re8+ 21. Kf1 Bf5 22. Bxh1 Rac8 0-1

[Event "HDBank Chess Open 2019"]
[Site "Ho Chi Minh City VIE"]
[Date "2019.03.08"]
[Round "3"]
[White "Wang, Hao"]
[Black "Nguyen, Van Huy"]
[Result "1-0"]
[WhiteElo "2718"]
[BlackElo "2428"]
[PlyCount "55"]
[EventDate "2019.03.07"]

1. e4 c6 2. Nf3 d5 3. Nc3 Bg4 4. h3 Bxf3 5. Qxf3 e6 6. d3 Nf6 7. a3 Bd6 8. g3
O-O 9. Bg2 Nbd7 10. O-O dxe4 11. Nxe4 Nxe4 12. Qxe4 Nf6 13. Qe2 e5 14. Bd2 Qb6
15. b4 Rfe8 16. Rfe1 a6 17. c4 Qc7 18. Bc3 Nd7 19. d4 exd4 20. Qxe8+ Rxe8 21.
Rxe8+ Nf8 22. Bxd4 f6 23. Rae1 Qf7 24. Rd8 Qc7 25. Rde8 Qf7 26. Bb6 Qxc4 27.
Rd8 Qb5 28. Rxd6 1-0

[Event "HDBank Chess Open 2019"]
[Site "Ho Chi Minh City VIE"]
[Date "2019.03.09"]
[Round "4"]
[White "Nguyen, Anh Khoi"]
[Black "Wang, Hao"]
[Result "0-1"]
[WhiteElo "2484"]
[BlackElo "2718"]
[PlyCount "68"]
[EventDate "2019.03.07"]

1. d4 Nf6 2. c4 g6 3. Nc3 Bg7 4. e4 d6 5. Nge2 O-O 6. f3 c5 7. d5 e6 8. Ng3
exd5 9. cxd5 a6 10. a4 Nbd7 11. Be2 Ne8 12. Be3 Rb8 13. Qd2 Nc7 14. Bh6 Bxh6
15. Qxh6 b5 16. axb5 Nxb5 17. Nxb5 axb5 18. O-O c4 19. Kh1 Qf6 20. Qd2 Nc5 21.
Qc3 Qxc3 22. bxc3 Bd7 23. Bd1 b4 24. cxb4 Rxb4 25. Rc1 Ra8 26. Be2 Bb5 27. Rc2
Ra3 28. h4 Kg7 29. Rfc1 Nb3 30. Rb1 Rba4 31. Bd1 Ra1 32. Rcb2 R4a2 33. Bxb3
Rxb2 34. Rxa1 cxb3 0-1

[Event "HDBank Chess Open 2019"]
[Site "Ho Chi Minh City VIE"]
[Date "2019.03.10"]
[Round "5"]
[White "Wang, Hao"]
[Black "Megaranto, Susanto"]
[Result "1-0"]
[WhiteElo "2718"]
[BlackElo "2526"]
[PlyCount "79"]
[EventDate "2019.03.07"]

1. e4 d5 2. exd5 Qxd5 3. Nc3 Qa5 4. d4 c6 5. Nf3 Bf5 6. Bc4 e6 7. Bd2 Qc7 8.
Nh4 Bg6 9. Nxg6 hxg6 10. Qf3 Nf6 11. O-O-O Nbd7 12. Bb3 O-O-O 13. g4 Nb6 14. g5
Nh5 15. Ne2 Bd6 16. Kb1 Rhf8 17. c4 c5 18. Nc3 cxd4 19. Nb5 Qc5 20. a3 Bf4 21.
Bb4 Qxg5 22. Bxf8 Rxf8 23. Rxd4 Kb8 24. Rhd1 Be5 25. Nd6 Qe7 26. R4d2 Bxd6 27.
Rxd6 Nf6 28. Qd3 Rc8 29. Rd8 Qc7 30. Rxc8+ Nxc8 31. Qh3 Ne4 32. Qh4 Qe5 33. Rd8
g5 34. Qh8 Ned6 35. Qf8 b6 36. Ba4 Kc7 37. Bb5 Nxb5 38. Rxc8+ Kb7 39. cxb5 Qe4+
40. Rc2 1-0

[Event "World Team Championship 2019"]
[Site "Astana KAZ"]
[Date "2019.03.06"]
[Round "2"]
[White "Adhiban, Baskaran"]
[Black "Maghsoodloo, Parham"]
[Result "1-0"]
[WhiteElo "2683"]
[BlackElo "2673"]
[PlyCount "61"]
[EventDate "2019.03.05"]
[WhiteTeam "India"]
[BlackTeam "Iran"]

1. e4 c5 2. c3 e6 3. Nf3 Nc6 4. d4 d5 5. exd5 exd5 6. Bb5 Bd6 7. dxc5 Bxc5 8.
O-O Nge7 9. Nbd2 O-O 10. Nb3 Bd6 11. Bg5 Qc7 12. Re1 h6 13. Bh4 Nf5 14. Bg3
Nxg3 15. hxg3 Ne7 16. Nfd4 g6 17. Qd2 Kg7 18. c4 dxc4 19. Rac1 c3 20. Rxc3 Qb6
21. Rd3 a6 22. Nc2 Bb8 23. Rxe7 axb5 24. Ne3 Rxa2 25. Nd5 Qc6 26. Rc3 Qd6 27.
Qd4+ Kg8 28. Nf6+ Kh8 29. Rxf7 Rxf7 30. Rxc8+ Rf8 31. Nd7+ 1-0

[Event "World Team Championship 2019"]
[Site "Astana KAZ"]
[Date "2019.03.09"]
[Round "5"]
[White "Grischuk, Alexander"]
[Black "Ismagambetov, Anuar"]
[Result "1-0"]
[WhiteElo "2771"]
[BlackElo "2545"]
[PlyCount "163"]
[EventDate "2019.03.05"]
[WhiteTeam "Russia"]
[BlackTeam "Kazakhstan"]

1. Nf3 d5 2. g3 g6 3. Bg2 Bg7 4. d4 Nf6 5. O-O O-O 6. c3 c6 7. Nbd2 Bf5 8. Re1
Qc8 9. Nh4 Bg4 10. Qc2 Nbd7 11. e4 e5 12. dxe5 Nxe4 13. Nxe4 dxe4 14. Rxe4 Nxe5
15. Bf4 f6 16. Bxe5 fxe5 17. Re3 Qd7 18. Nf3 Bxf3 19. Bxf3 Rad8 20. Kg2 Qf7 21.
Be4 Bh6 22. Rf3 Qe6 23. Rxf8+ Kxf8 24. Rd1 Rxd1 25. Qxd1 Bg5 26. h4 Be7 27. a3
Kg7 28. h5 Bg5 29. hxg6 hxg6 30. b4 Be7 31. a4 Bg5 32. Qd3 Be7 33. Qd1 Bg5 34.
Qe2 Be7 35. Qd3 Qd6 36. Qe3 b6 37. Qf3 c5 38. b5 Bg5 39. Qg4 Qe7 40. c4 Qf6 41.
Qc8 Qf7 42. a5 bxa5 43. Qxc5 a4 44. Qb4 Be7 45. Qxa4 Bc5 46. Qc2 Qf6 47. Qd2
Bd4 48. Bf3 Qe7 49. Qe2 Qc5 50. Be4 Qf8 51. Qc2 Qd6 52. Qd2 Qf6 53. Qe1 Qd6 54.
Bf3 Qe6 55. Bd5 Qf6 56. Be4 Qd6 57. Qe2 Qf8 58. Bd3 Qf6 59. Bc2 Bb6 60. Qd2 Bd4
61. Be4 Qf8 62. f3 Qe7 63. Qc1 Bb6 64. Qd1 Bd4 65. f4 Qf6 66. Qg4 exf4 67. gxf4
Kh6 68. Kf3 Bb6 69. Bd3 Qd6 70. Qg5+ Kg7 71. Qe5+ Qf6 72. Be4 Bd4 73. Qc7+ Kh6
74. Qc6 Kg7 75. c5 Be5 76. Qd7+ Kh6 77. Qh3+ Kg7 78. Qd7+ Kh6 79. Qg4 Bb8 80.
Bd3 g5 81. Qh3+ Kg7 82. Qd7+ 1-0